01468nam a22002537a 45000010005000000030006000050050017000110080041000280200018000690400029000870500015001160820011001311000016001422450106001582600029002643000043002935050008003365200744003445210020010885210020011086500023011286500029011517000034011805288FISKH20241122154331.0241122b cb ||||| |||| 00| 0 eng d a9780552565769 aFISKHbengcFISKHdFISKH aPZ7.B69677 a823.92 aBoyne, John aThe Terrible Thing That Happened to Barnaby Brocket /cby John Boyne : illustrated by Oliver Jeffers  aLondon :bCorgi ;c2012. a277 pages : billustrations ;c20 cm . aZ  aFantasy. Juvenile Fiction. Juvenile Literature. HTML: Barnaby Brocket is an ordinary 8-year-old boy in most ways, but he was born different in one important way: he floats. Unlike everyone else, Barnaby does not obey the law of gravity. His parents, who have a horror of being noticed, want desperately for Barnaby to be normal, but he can't help who he is. And when the unthinkable happens, Barnaby finds himself on a journey that takes him all over the world. From Brazil to New York, Canada to Ireland, and even to space, the floating boy meets all sorts of different people--and discovers who he really is along the way. This whimsical novel will delight middle graders, and make readers of all ages question the meaning of normal. .8 a980 bLexile 8 aZ bRaz-Plus  aadventurevfiction abeing differentvfiction aJeffers, Olivereillustrator